000 00753nam a2200205Ii 4500
003 JO-AjNU
008 230605s9999||||xx |||||||||||||| ||und||
040 _aJO-AjNU
_bara
_erda
_cJO-AjNU
041 _aara
050 1 4 _aDT223.8.A3.S4 1996
100 3 _aشلبي، محمود,
_eauthor
_939489
245 0 0 _aحياة عمر المختار
250 _aط6
264 3 1 _aبيروت: دار الجيل، 1996
300 _a198ص
336 _atext
_btxt
_2rdacontent
337 _aunmediated
_bn
_2rdamedia
338 _avolume
_bnc
_2rdacarrier
650 4 _aالمجاهدون الليبييون-تراجم،ليبيا-الاحتلال الايطالي،عمر المختار-عمر بن مختاربن عمر المنفي 1275-1350هجري
_939490
999 _aA16682
_c20250
_d20250